01014nam a22002177a 450000500170000000700150001700800410003202000220007303500100009504000090010510000290011424501050014325600240024826000450027230000280031750602700034565000490061570000270066474000380069185600670072920240305165526.0cr|||| |||| 190724s2019 mx |||||s|||| 00||0 spa d a978-607-629-381-2 a23883 avLex1 aPérez Chávez, José10aPractiagenda Laboral 2019h[Recurso electrónico] /cJosé Pérez Chávez, Raymundo Fol Olguín aServicio en línea aCiudad de México:bTax Editores,c2019 a1 recurso electrónico1 aDisponible solo en los productos indicadosdvLex GlobaldvLex Global (Academic Edition, excluding Law Schools)dvLex Global (U.S. Academic Edition, Law Schools)dvLex Global (U.S. Academic Edition, excluding Law Schools)dvLex Global (Academic Edition, Law Schools)04aDerecho Laboral y Seguridad SocialzMéxico1 aFol Olguín, Raymundo0 avLex Libros (Servicio en línea)40uhttps://app.vlex.com/#/sources/practiagenda-laboral-2019-23883